Constitutionalism and constitutional pluralism : (Record no. 93834)

MARC details
000 -LEADER
fixed length control field 00681nam a22001817a 4500
005 - DATE AND TIME OF LATEST TRANSACTION
control field 20150805124515.0
010 ## - LCCN (DPL NO)
LC control number ENG-113201
020 ## - INTERNATIONAL STANDARD BOOK NUMBER
International Standard Book Number 9788180388392
Terms of availability 495.00
035 ## - SYSTEM CONTROL NUMBER
System control number EN-96733
037 ## - SOURCE OF ACQUISITION
Source of stock number/acquisition DBAD/PUB
082 ## - DEWEY DECIMAL CLASSIFICATION NUMBER
Classification number 347.5412
245 ## - TITLE STATEMENT
Title Constitutionalism and constitutional pluralism :
Statement of responsibility, etc edited by P. Ishwara Bhat
Remainder of title one supreme law many communities : contemporary issues in India, South-East Asia, China & Europe /
260 ## - PUBLICATION, DISTRIBUTION, ETC. (IMPRINT)
Place of publication, distribution, etc Gurgaon
Name of publisher, distributor, etc Lexis Nexis
Date of publication, distribution, etc 2013
270 ## - ADDRESS
Address 14th Floor, Building no 10 Tower, DLF Cyber City, Phase-II,
City Gurgaon
Postal code 122002
300 ## - PHYSICAL DESCRIPTION
Extent L,403p.
Dimensions 24cm(pbk)
700 ## - ADDED ENTRY--PERSONAL NAME
Personal name Bhat, P. Ishwara
942 ## - ADDED ENTRY ELEMENTS (KOHA)
Source of classification or shelving scheme Dewey Decimal Classification
Item type English Books
Call number suffix CON
Classification part 347.5412
Holdings
Withdrawn status Lost status Not for loan Collection code Home library Current library Date acquired Source of acquisition Cost, normal purchase price Full call number Barcode Copy number Cost, replacement price Koha item type
    Not For Loan Non-fiction D.B.Act.Division D.B.Act.Division 21/05/2015 DBAD/PUB 495.00 347.5412 CON EN-96733 1 495.00 English Books

© Delhi Public Library
Hit Counter
free hit counter